000 00444cam a2200157 4500
020 _a0070940479
082 _a551.48
_bWAR
_cL-38, P-80.
100 1 _aWard, R. C.
_940436
245 1 0 _aPrinciples of hydrology
_c[by] R.C. Ward.
260 _aLondon,
_aNew York [etc.]
_bMcGraw-Hill Pub. Co.
_c[1967]
300 _a403 p.
_c23 cm.
526 _a0
_b0
_c0
_d551_480000000000000_WAR
650 0 _aHydrology.
650 0 _aMCE
_9379
942 _2ddc
_cBK
999 _c544726
_d544726